| 000 | 00696nas a2200241 4500 | ||
|---|---|---|---|
| 001 | BR7100067 | ||
| 003 | BR-BrBNA | ||
| 005 | 20231205082323.0 | ||
| 007 | ta | ||
| 008 | 230509b bl.|||p| |||| 00| 00por d | ||
| 040 |
_aBR-BrBNA _bpor _cBiblioteca Nacional de Agricultura |
||
| 041 | _a(Pt) | ||
| 072 | _aE10 | ||
| 100 | 1 | _aMont'alegre, O. | |
| 245 | 1 | _aO acucar na Australia [produtividade, industria agricola] | |
| 650 | _aACUCAR | ||
| 650 | _aINDUSTRIA AGRICOLA | ||
| 650 | _aPRODUTIVIDADE | ||
| 650 | _aAUSTRALIA | ||
| 773 | 0 |
_tBrasil Acucareiro (Brazil) _xISSN 0006-9167 _g(Nov 1971), v. 78(5) p. 37-44 _wBR7100067 |
|
| 909 |
_a202311 _bLúcia _c55 _dLúcia Elande |
||
| 942 |
_2AGRIS _n0 _cANA |
||
| 999 |
_c90864 _d90864 |
||